00973 2200193 4500245004700000020002200047250001100069100001700080700002500097700001700122650004300139005001900182260003300201041001400234084000800248300002300256500049100279336000900770 aEverything, EverythingcYoon, NicolahText a978-602-74322-5-3 aCet. 1 aYoon, Nicola aAirien Kusumawardani aBrigida Ruri aNovel Inggris (dalam Bahasa Indonesia) a20241213092817 aDepokbPenerbit Springc2016 aIndonesia a823 a336 hlm. :c20 cm. aPenyakit langka, dan terkenal. Pada dasarnya, aku alergi terhadap seluruh dunia. Aku tidak bisa meninggalkan rumahku, dan belum pernah keluar dari rumah sleama tujuh belas tahun. Orang yang aku temui hanyak=lah ibuku dan Carla, perawatku. Tapi suatu hari, sebuah truk pindahan tiba di rumah sebelah. Aku melongok keluar dari jendela dan aku melihat cowok itu. Dia tinggi, kurus dan mengenakan baju serba hitam. Dia memergokiku sedang menatapnya dan dia balik memelototiku. Namanya Olif. atext